Four-word countries - Statistics

General Stats
  • This quiz has been taken 675 times
  • The average score is 4 of 5
Answer Stats
Continent Country % Correct
Africa Republic of the Congo
86%
Oceania Federated States of Micronesia
73%
Americas Saint Kitts and Nevis
73%
Americas United States of America
71%
Africa Sao Tome and Principe
63%
No matching quizzes found
Score Distribution
Percent of People with Each Score
Percentile by Number Answered
Your Score History
You have not taken this quiz